Algebra lineal
Wedi'i Gadw mewn:
| Prif Awduron: | , |
|---|---|
| Awduron Eraill: | |
| Fformat: | Llyfr |
| Iaith: | Sbaeneg |
| Cyhoeddwyd: |
Valparaíso, Chile
Pontificia Universidad Católica de Valparaíso
2003
|
| Rhifyn: | 3a. ed |
| Pynciau: | |
| Mynediad Ar-lein: | Disponible Online |
| Tagiau: |
Ychwanegu Tag
Dim Tagiau, Byddwch y cyntaf i dagio'r cofnod hwn!
|
MARC
| LEADER | 00000nam a2200000 a 4500 | ||
|---|---|---|---|
| 001 | UCL1667 | ||
| 003 | CL-VaPUC | ||
| 005 | 20241205093801.0 | ||
| 008 | 030911e20030000CL |||||||||||||||||spa|d | ||
| 999 | |c 305132 |d 305130 | ||
| 040 | |c Pontificia Universidad Católica de Valparaíso | ||
| 082 | 0 | 4 | |a 512.5 ABU 2003 |2 21 |
| 100 | |a Aburto Hageman, Luisa Amada |e autora |9 757639 | ||
| 245 | 1 | 0 | |a Algebra lineal |
| 250 | |a 3a. ed | ||
| 260 | |a Valparaíso, Chile |b Pontificia Universidad Católica de Valparaíso |c 2003 | ||
| 300 | |a 269 páginas | ||
| 583 | |a last modification |c 20171130 16:21:12 |k Rodrigo Vera | ||
| 650 | 0 | |a Álgebra lineal |x Álgebra de matrices |9 260445 | |
| 650 | 0 | |a Ecuaciones |9 260137 | |
| 650 | 0 | |a Espacio vectorial |9 892006 | |
| 650 | 0 | |a Lógica matemática |9 892007 | |
| 700 | 0 | |a Jiménez Briones, Daniel |e author |9 19 | |
| 700 | |a Johnson Herrera, Roberto |e autor |9 20 | ||
| 856 | |u http://bibliografiadigital.pucv.cl.pucv.idm.oclc.org/index.php/bibliotecapucv/catalog/book/375 |y Disponible Online | ||
| 942 | |c BK |2 ddc | ||
| 945 | |d 20030911 00:00:00 |a cmena | ||
| 952 | |0 0 |1 0 |4 0 |6 512_500000000000000_ABU_2003 |7 0 |8 A |9 368180 |a BIBING |b BIBING |d 2019-11-21 |i 4158369 |o 512.5 ABU 2003 |p 4158369 |r 2023-03-02 |w 2019-11-21 |y BK |k ING | ||
| 952 | |0 0 |1 0 |4 0 |6 512_500000000000000_ABU_2003 |7 0 |8 A |9 368181 |a BIBMAT |b BIBMAT |d 2019-11-21 |i 4193288 |l 3 |m 3 |o 512.5 ABU 2003 |p 4193288 |r 2025-01-07 |s 2023-04-18 |w 2019-11-21 |y BK |k MAT | ||
| 952 | |0 0 |1 0 |4 0 |6 512_500000000000000_ABU_2003 |7 0 |8 A |9 368183 |a BIBCUR |b BIBCUR |d 2019-11-21 |i 4194489 |l 6 |m 2 |o 512.5 ABU 2003 |p 4194489 |r 2025-04-22 |s 2024-09-24 |w 2019-11-21 |y BK |k BCB | ||
| 952 | |0 0 |1 0 |4 0 |6 512_500000000000000_ABU_2003 |7 0 |8 A |9 368184 |a BIBMAT |b BIBMAT |d 2019-11-21 |i 4207645 |o 512.5 ABU 2003 |p 4207645 |r 2025-01-07 |w 2019-11-21 |y BK |k MAT | ||
| 952 | |0 0 |1 0 |4 0 |6 512_500000000000000_ABU_2003 |7 0 |8 A |9 368186 |a BIBING |b BIBING |d 2019-11-21 |i 4357558 |l 2 |o 512.5 ABU 2003 |p 4357558 |r 2025-01-20 |s 2022-11-21 |w 2019-11-21 |y BK |k ING | ||
| 952 | |0 0 |1 0 |4 0 |6 512_500000000000000_ABU_2003 |7 0 |8 A |9 368190 |a BIBING |b BIBING |d 2019-11-21 |i 437696K |o 512.5 ABU 2003 |p 437696K |r 2023-03-02 |w 2019-11-21 |y BK |k TRA | ||
| 952 | |0 0 |1 0 |4 0 |6 512_500000000000000_ABU_2003 |7 0 |8 A |9 368191 |a BIBING |b BIBING |d 2019-11-21 |i 4376978 |l 5 |m 1 |o 512.5 ABU 2003 |p 4376978 |r 2025-01-20 |s 2023-11-22 |w 2019-11-21 |y BK |k TRA | ||
| 952 | |0 0 |1 0 |4 0 |6 512_500000000000000_ABU_2003 |7 0 |8 A |9 368192 |a BIBMAT |b BIBMAT |d 2019-11-21 |i 4386574 |o 512.5 ABU 2003 |p 4386574 |r 2025-01-07 |w 2019-11-21 |y BK |k MAT | ||
| 952 | |0 0 |1 0 |4 0 |6 512_500000000000000_ABU_2003 |7 0 |8 A |9 368194 |a BIBMAT |b BIBMAT |d 2019-11-21 |i 4386604 |o 512.5 ABU 2003 |p 4386604 |r 2025-01-07 |w 2019-11-21 |y BK |k MAT | ||
| 952 | |0 0 |1 0 |4 0 |6 512_500000000000000_ABU_2003 |7 0 |8 A |9 368196 |a BIBMAT |b BIBMAT |d 2019-11-21 |i 4386620 |l 1 |o 512.5 ABU 2003 |p 4386620 |r 2025-01-07 |s 2020-03-03 |w 2019-11-21 |y BK |k MAT | ||
| 952 | |0 0 |1 0 |4 0 |6 512_500000000000000_ABU_2003 |7 0 |8 A |9 368197 |a BIBMAT |b BIBMAT |d 2019-11-21 |i 4386639 |o 512.5 ABU 2003 |p 4386639 |r 2025-01-07 |w 2019-11-21 |y BK |k MAT | ||
| 952 | |0 0 |1 0 |4 0 |6 512_500000000000000_ABU_2003 |7 0 |8 A |9 368198 |a BIBMAT |b BIBMAT |d 2019-11-21 |i 4386647 |o 512.5 ABU 2003 |p 4386647 |r 2025-01-07 |w 2019-11-21 |y BK |k MAT | ||
| 952 | |0 0 |1 0 |4 0 |6 512_500000000000000_ABU_2003 |7 0 |8 A |9 368201 |a BIBMAT |b BIBMAT |d 2019-11-21 |i 4387449 |l 2 |o 512.5 ABU 2003 |p 4387449 |r 2025-01-07 |s 2023-03-28 |w 2019-11-21 |y BK |k MAT | ||
| 952 | |0 0 |1 0 |4 0 |6 512_500000000000000_ABU_2003 |7 0 |8 A |9 368202 |a BIBMAT |b BIBMAT |d 2019-11-21 |i 4387457 |l 2 |o 512.5 ABU 2003 |p 4387457 |r 2025-01-07 |s 2020-02-27 |w 2019-11-21 |y BK |k MAT | ||
| 952 | |0 0 |1 0 |4 0 |6 512_500000000000000_ABU_2003 |7 0 |8 A |9 368203 |a BIBMAT |b BIBMAT |d 2019-11-21 |i 4387465 |o 512.5 ABU 2003 |p 4387465 |r 2025-01-07 |w 2019-11-21 |y BK |k MAT | ||